000 00720nas a2200241 4500
001 BR8206786
003 BR-BrBNA
005 20231205085337.0
007 ta
008 230509b bl.|||p| |||| 00| 00por d
040 _aBR-BrBNA
_bpor
_cBiblioteca Nacional de Agricultura
041 _a(Pt)
072 _aH10
100 1 _aLink, D.
100 1 _aCosta, E.C.
245 1 _aInfluencia do metodo de coleta na captura de chrysomelidae em soja [besouro]
650 _aSOJA
650 _aBESOURO
650 _aCAPTURA
773 0 _tRevista do Centro de Ciencias Rurais (Brazil)
_xISSN 0085-5901
_g(Jul-Sep 1982), v. 12(2-3) p. 103-107
_wBR8206786
909 _a202311
_bLúcia
_c55
_dLúcia Elande
942 _2AGRIS
_n0
_cANA
999 _c110862
_d110862